Χρηματοοικονομική ανάλυση λογιστικών καταστάσεων
Saved in:
| Main Author: | |
|---|---|
| Format: | Book |
| Language: | Greek |
| Published: |
Αθήνα-Πειραιάς :
Σταμούλης,
c1997
|
| Edition: | 5η έκδ. |
| Subjects: | |
| Tags: |
Add Tag
No Tags, Be the first to tag this record!
|
MARC
| LEADER | 00000nam a2200000 i 4500 | ||
|---|---|---|---|
| 001 | 1/64826 | ||
| 008 | 071128s1997 gre d | ||
| 020 | |a 960-7306-99-6 | ||
| 035 | |l 10092609 | ||
| 040 | |a GR-MY-UA |b gre |e aacr | ||
| 041 | 0 | |a gre | |
| 100 | 1 | |a Νιάρχος, Νικήτας Α. | |
| 245 | 1 | 0 | |a Χρηματοοικονομική ανάλυση λογιστικών καταστάσεων / |c Νικήτα Α. Νιάρχου |
| 250 | |a 5η έκδ. | ||
| 260 | |a Αθήνα-Πειραιάς : |b Σταμούλης, |c c1997 | ||
| 300 | |a 382 σ. | ||
| 504 | |a Περιλαμβάνει βιβλιογραφία | ||
| 650 | 0 | 0 | |a Finance. |
| 650 | 0 | 0 | |a Business enterprises |x Finance. |
| 650 | 0 | 0 | |a Ratio and proportion. |
| 852 | |a INST |b CHIOS |e 20071128 |h 658.15 ΝΙΑ |p 005200010044 |q 005200010044 |t BK |y 0 | ||
| 909 | |a Χ |b 052871 | ||